000 00365nam a22001457a 4500
003 OSt
005 20160727222410.0
008 160624b xxu||||| |||| 00| 0 eng d
040 _cTEST
100 _9965
_aLasher, W
245 _aHow you can a better Job
260 _aChicago
_bAmerican Technical Society
_c1954
300 _aHow you can a better Job
942 _2ddc
_cBK
999 _c769
_d769